000
00333nam a2200133Ia 4500
008
231017s9999 xx 000 0 und d
082
_a
363.349NRC
082
_b
NRC
245
0
_a
Partnerships for reducing landslide risk
245
0
_c
National academy press
260
_b
National academy press
300
_c
30cm
942
_c
REP
999
_c
605029
_d
605029